The world's great sermons. (Record no. 12013)

000 -LEADER
fixed length control field 00569nam a2200193 a 4500
001 - CONTROL NUMBER
control field :::00009815$&:&@@
003 - CONTROL NUMBER IDENTIFIER
control field OkBaRHE
005 - DATE AND TIME OF LATEST TRANSACTION
control field 20000607103353.0
008 - FIXED-LENGTH DATA ELEMENTS--GENERAL INFORMATION
fixed length control field s1943 j 000 0 eng u
040 ## - CATALOGING SOURCE
Transcribing agency
100 1# - MAIN ENTRY--PERSONAL NAME
Personal name Frost, Jr., S. E.,
245 14 - TITLE STATEMENT
Title The world's great sermons.
260 ## - PUBLICATION, DISTRIBUTION, ETC. (IMPRINT)
Place of publication, distribution, etc Garden City, NY., :
Name of publisher, distributor, etc Halcyon House
Date of publication, distribution, etc c1943
300 ## - PHYSICAL DESCRIPTION
Extent 395 p. ;
Dimensions 22 cm.
650 ## - SUBJECT ADDED ENTRY--TOPICAL TERM
Topical term or geographic name as entry element Sermons
General subdivision American
650 ## - SUBJECT ADDED ENTRY--TOPICAL TERM
Topical term or geographic name as entry element Sermons
General subdivision British
942 ## - ADDED ENTRY ELEMENTS (KOHA)
Source of classification or shelving scheme
Koha item type Books
Copies
Damaged status Full call number Shelving location Not for loan Price effective from Withdrawn status Source of classification or shelving scheme Date last seen Koha item type Date acquired Lost status Barcode Copy number Permanent Location
 BV 4241 .F76General Stacks 2010-04-14  2010-04-14Books2010-04-14 98151RHEMA Bible Training College